000 01088nam a22000977a 4500
999 _c2932
_d2932
008 190114b ||||| |||| 00| 0 eng d
100 _aKing, Andrew
245 _aThe United Nations and the situation in Somalia
260 _aWigan, [U.K.]
_bUNSG
_c1996
650 _aUnited Nations Peacekeeping Forces | Somalia (1950-) | United Nations | Peacekeeping Forces | Military Mail | Postal History | 1991-1995 | Postal Markings | Cachets | Postal Service | Military Conflicts | UNOSOM I | UNOSOM II | United Nations Operation in Somalia | United Nations Relief Organizations | UNITAF | Unified Task Force | Somalia - Operation Restore Hope | Somalia - Operation Continue Hope | Somalia - Operation United Shield | United States | United States. Navy. | Covers -- Naval | Postal Markings -- Naval | Maritime Mail | Free Franks | Fee Paid Mail | Official Mail | Air Mail | Undeliverable Mail | United States. Marine Corps. | Canada | Operation Deliverance | Germany | Topical Collecting -- United Nations | United Nations -- Armed Forces | Collections | Exhibits | Exhibitions -- Catalogs and Publications